Jiná vize transformace Institucionální ekonomie

Porovnanie neoklasického modelu ekonómie s inštitucionálnym prístupom. Rozhodujúca úloha podniku v inštitucionálnej štruktúre ekonomiky. Proces tvorby a vývoja inštitucionálnych ekonomických štruktúr a rozdiely od procesu v transformujúcich sa ekonomikách. Porovnanie účinkov neoliberálnej a inštituc...

ver descrição completa

Na minha lista:
Detalhes bibliográficos
Autor principal: Chlumský, Jiří
Formato: Livro
Idioma:tcheco
Assuntos:
Tags: Adicionar Tag
Sem tags, seja o primeiro a adicionar uma tag!

MARC

LEADER 00000nam a2200000 4500
001 r030331
005 20230920094317.1
041 0 |a cze 
044 |a CZ 
245 1 0 |a Jiná vize transformace  |b Institucionální ekonomie  |c Jiří Chlumský 
520 |a Porovnanie neoklasického modelu ekonómie s inštitucionálnym prístupom. Rozhodujúca úloha podniku v inštitucionálnej štruktúre ekonomiky. Proces tvorby a vývoja inštitucionálnych ekonomických štruktúr a rozdiely od procesu v transformujúcich sa ekonomikách. Porovnanie účinkov neoliberálnej a inštitucionálnej stratégie. 
610 2 0 |a inštitucionalizmus 
610 2 0 |a neoklasicizmus 
610 2 0 |a neoliberalizmus 
610 2 0 |a transformácia 
100 1 |a Chlumský, Jiří